[Event "SLO-chT1 East"]
[Site "Celje"]
[Date "2008.12.20"]
[Round "7"]
[White "Pirs, Matjaz1"]
[Black "Cvar, Stefan"]
[Result "1/2-1/2"]
[WhiteElo "1868"]
[BlackElo "1995"]
[PlyCount "70"]
[EventDate "2008.11.20"]
[EventType "tourn"]
[EventRounds "9"]
[EventCountry "SLO"]
[SourceTitle "EXT 2010"]
[Source "ChessBase"]
[SourceDate "2010.11.25"]
[SourceVersion "1"]
[SourceVersionDate "2010.11.25"]
[SourceQuality "1"]

1. e4 c6 2. d4 d5 3. exd5 cxd5 4. c4 Nf6 5. Nc3 h6 6. Nf3 e6 7. Bf4 Bb4 8. Bxb8 Bxc3+ 9. bxc3 Rxb8 10. Qa4+ Bd7 11. Qa3 Qe7 12. Qxa7 0-0 13. c5 Bc6 14. Ne5 Qc7 15. Qa3 Ra8 16. Qb2 Ne4 17. Nxc6 bxc6 18. Bd3 Rfb8 19. Qc2 Nf6 20. 0-0 e5 21. Rab1 exd4 22. cxd4 Qf4 23. Rxb8+ Rxb8 24. Qc3 g5 25. a4 Ne4 26. Bxe4 Qxe4 27. Qe3 Qc2 28. Qe5 Rb1 29. Qe8+ Kg7 30. Qe5+ Kg8 31. g3 Rxf1+ 32. Kxf1 Qxa4 33. Qf6 Qc2 34. Qe5 Kh7 35. Qf6 Kg8 1/2-1/2

[Event "SLO-chT1 East"]
[Site "Celje"]
[Date "2007.11.21"]
[Round "9"]
[White "Titan, Matej"]
[Black "Cvar, Stefan"]
[Result "1-0"]
[WhiteElo "1701"]
[BlackElo "2018"]
[PlyCount "121"]
[EventDate "2007.11.11"]
[EventType "tourn"]
[EventRounds "9"]
[EventCountry "SLO"]
[SourceTitle "EXT 2010"]
[Source "ChessBase"]
[SourceDate "2010.11.25"]
[SourceVersion "1"]
[SourceVersionDate "2010.11.25"]
[SourceQuality "1"]

1. d4 d5 2. c4 c6 3. Nc3 Nf6 4. Nf3 e6 5. Bg5 Be7 6. e3 h6 7. Bh4 Nbd7 8. Qc2 Bb4 9. Nd2 Qa5 10. Be2 0-0 11. 0-0 Be7 12. a3 Re8 13. b4 Qd8 14. cxd5 Nxd5 15. Bxe7 Qxe7 16. Nxd5 exd5 17. Nb3 Nf6 18. b5 cxb5 19. Bxb5 Bd7 20. Bxd7 Qxd7 21. Nc5 Qc7 22. Qb3 b6 23. Nd3 Qc4 24. Qd1 Rec8 25. Ne5 Qc2 26. Qf3 Qe4 27. Rfc1 Qxf3 28. gxf3 Kf8 29. a4 Ke8 30. a5 b5 31. a6 b4 32. Rxc8+ Rxc8 33. Rb1 Rb8 34. Nc6 Rb6 35. Nxa7 Rxa6 36. Nb5 Rb6 37. Rxb4 Kd7 38. Rb1 Nh7 39. Nc3 Rxb1+ 40. Nxb1 g5 41. Nc3 Ke6 42. Kg2 f5 43. Ne2 Nf6 44. Kg3 Kf7 45. Nc3 Ke6 46. Na4 Nh5+ 47. Kg2 Nf6 48. Nc5+ Kd6 49. Nd3 Nh5 50. Ne5 Ke6 51. h4 Nf6 52. hxg5 hxg5 53. Nd3 Nh5 54. Kh3 Nf6 55. f4 g4+ 56. Kh4 Ne8 57. Kg5 Nd6 58. Kg6 Ke7 59. Nc5 Nc4 60. Nd3 Ke6 61. Kg5 1-0

[Event "SLO-chT1 East"]
[Site "Celje"]
[Date "2007.11.13"]
[Round "3"]
[White "Zeljko, Janez"]
[Black "Cvar, Stefan"]
[Result "1/2-1/2"]
[WhiteElo "1752"]
[BlackElo "2018"]
[PlyCount "50"]
[EventDate "2007.11.11"]
[EventType "tourn"]
[EventRounds "9"]
[EventCountry "SLO"]
[SourceTitle "EXT 2010"]
[Source "ChessBase"]
[SourceDate "2010.11.25"]
[SourceVersion "1"]
[SourceVersionDate "2010.11.25"]
[SourceQuality "1"]

1. e4 c6 2. d4 d5 3. e5 Bf5 4. Bd3 Bxd3 5. Qxd3 e6 6. Ne2 Qb6 7. a3 c5 8. c3 Nc6 9. b4 cxd4 10. cxd4 Rc8 11. Nbc3 Nb8 12. 0-0 Ne7 13. Bb2 Rc4 14. Rac1 g6 15. Na4 Qc6 16. Qb3 b5 17. Nc5 Bh6 18. Rcd1 Nd7 19. f4 Bg7 20. Qd3 h5 21. h3 h4 22. Bc3 Nf5 23. Rf3 Nb6 24. Nb3 Qd7 25. Nc5 Qc6 1/2-1/2

[Event "SLO-chT2"]
[Site "Slovenia"]
[Date "2003.10.17"]
[Round "8"]
[White "Cvar, Stefan"]
[Black "Jug, Franc"]
[Result "1-0"]
[WhiteElo "2093"]
[BlackElo "1787"]
[PlyCount "37"]
[EventDate "2003.05.02"]
[EventType "team-tourn"]
[EventRounds "9"]
[EventCountry "SLO"]
[SourceTitle "EXT 2005"]
[Source "ChessBase"]
[SourceDate "2004.11.15"]
[SourceVersion "1"]
[SourceVersionDate "2004.11.15"]
[SourceQuality "1"]

1. d4 d5 2. Nf3 Bg4 3. Bf4 e6 4. e3 Nf6 5. h3 Bh5 6. Nbd2 Ne4 7. Be2 Be7 8. 0-0 Nd7 9. Nxe4 dxe4 10. Nd2 Bxe2 11. Qxe2 f5 12. Qc4 Kf7 13. d5 Nc5 14. dxe6+ Nxe6 15. Rfd1 Bd6 16. Nb3 Qe7 17. Bxd6 cxd6 18. Qd5 Rhd8 19. Qxf5+ 1-0